Estatísticas para Libertadores 2021 - Chaves

Clique aqui para jogar o quiz

Estatísticas Gerais

  • Esse quiz foi jogado 22 vezes
  • A pontuação média é 13 de 16

Estatísticas das Respostas

Resposta% Correto
Atlético MG
100%
Boca Juniors
100%
Flamengo
100%
Palmeiras
100%
River Plate
100%
Barcelona
89%
Racing
84%
São Paulo
84%
Internacional
79%
Olimpia
79%
Cerro Porteño
74%
Fluminense
74%
Vélez Sársfield
68%
Universidad Católica
63%
Argentinos Juniors
53%
Defensa y Justicia
26%

Distribuição das Pontuações

Percentil de Números Respondidos

Porcentagem de Pessoas com Cada Pontuação

Sua Pontuação Histórica

Você não jogou esse quiz